Lukisan kejuruteraan (Modul 2)
| Main Author: | |
|---|---|
| Format: | Book |
| Language: | Malay |
| Published: |
Kuala Lumpur :
Utusan Publications & Distributors ,
c1997
|
| Subjects: |
MARC
| LEADER | 00000cam a2200000 7i4500 | ||
|---|---|---|---|
| 001 | 0000008428 | ||
| 005 | 20230530.0 | ||
| 008 | 010202 my may | ||
| 020 | |a 9676106569 (pbk) | ||
| 040 | |a INS | ||
| 090 | 0 | 0 | |a T353 |b .M4251 1997 |
| 100 | 0 | |a Mat Aris Abdul Hadi | |
| 245 | 1 | 0 | |a Lukisan kejuruteraan (Modul 2) |c Mat Aris B. Abdul Hadi |
| 260 | |a Kuala Lumpur : |b Utusan Publications & Distributors , |c c1997 | ||
| 300 | |a 151 p. : |b ill. ; |c 24 cm. | ||
| 650 | 0 | |a Engineering drawings | |
| 650 | 0 | |a Mechanical drawing | |
| 999 | |a 0000008049 |b BOOK |c Open Shelf |e Default branch | ||